Art In Iron (Record no. 10371)

MARC details
000 -LEADER
fixed length control field 00309nam a2200121Ia 4500
008 - FIXED-LENGTH DATA ELEMENTS--GENERAL INFORMATION
fixed length control field 220803s9999 xx 000 0 und d
041 ## - LANGUAGE CODE
Language code of text/sound track or separate title eng
082 ## - DEWEY DECIMAL CLASSIFICATION NUMBER
Classification number 721.044 IDE
100 ## - MAIN ENTRY--PERSONAL NAME
Personal name Idea Books Pub.
9 (RLIN) 13290
245 ## - TITLE STATEMENT
Title Art In Iron
260 ## - PUBLICATION, DISTRIBUTION, ETC. (IMPRINT)
Place of publication, distribution, etc. New York
Name of publisher, distributor, etc. Idea Book
Date of publication, distribution, etc. 1995
650 ## - SUBJECT ADDED ENTRY--TOPICAL TERM
Topical term or geographic name as entry element Building Technology
9 (RLIN) 13291
Holdings
Withdrawn status Lost status Damaged status Not for loan Collection code Home library Current library Shelving location Date acquired Vendor Cost, normal purchase price Full call number Barcode Date last seen Cost, replacement price Bill Date Koha item type Original Barcode Total Checkouts
      Reference Book of B Arch Dr. Bhanuben Nanavati College of Architecture Dr. Bhanuben Nanavati College of Architecture   25/05/1998 Book Space 935.00 721.04 IDE BNCA-BK-2295 03/08/2022 1100.00 02/04/1998 Books B002295  
        Book of B Arch Dr. Bhanuben Nanavati College of Architecture Dr. Bhanuben Nanavati College of Architecture   25/05/1998 Book Space 935.00 721.04 IDE BNCA-BK-2296 03/08/2022 1100.00 02/04/1998 Books B002296